Amsterdamse buurten op een kaart - Statistieken

Algemene statistieken
  • Deze quiz is 75 keer genomen
  • De gemiddelde score is 31 van 105
Antwoorden op de kaart
Antwoorden kleurgecodeerd door een groen-rode schaal op de quizkaart volgens % correct hieronder.
 
Antwoordstatistieken
Stadsdeel Buurt % Correct
Binnenstad Jordaan
80%
Oud-Zuid Nieuwe Pijp
77%
Oud-Zuid Oude Pijp
77%
Zuidoost Bijlmer-Centrum D, F en H
73%
Zuidoost Bijlmer-Oost E, G en K
73%
Zuidoost Amstel III en Bullewijk
57%
Binnenstad Burgwallen-Nieuwe Zijde
57%
Binnenstad Burgwallen-Oude Zijde
57%
Weesp Centrum
57%
Osdorp Osdorp-Midden
57%
Osdorp Osdorp-Oost
57%
Slotervaart en Overtoomse Veld Slotervaart
57%
Westerpoort Bedrijventerrein Sloterdijk
53%
Zeeburg IJburg Oost
53%
Zeeburg IJburg West
53%
Zeeburg IJburg Zuid
53%
Bos en Lommer Sloterdijk
53%
Geuzenveld en Slotermeer Geuzenveld
43%
Noord Tuindorp Oostzaan
43%
Zuidoost Gein
40%
Oud-Zuid Museumkwartier
40%
Binnenstad Nieuwmarkt en Lastage
40%
Geuzenveld en Slotermeer Slotermeer-Noordoost
40%
Geuzenveld en Slotermeer Slotermeer-Zuidwest
40%
Noord Waterland
40%
Binnenstad Weesperbuurt en Plantage
40%
Oud-Zuid Apollobuurt
37%
Zeeburg Oostelijk Havengebied
37%
Noord Tuindorp Nieuwendam
37%
Zuideramstel Buitenveldert-Oost
33%
Zuideramstel Buitenveldert-West
33%
Bos en Lommer De Kolenkit
33%
Binnenstad Grachtengordel-West
33%
Binnenstad Grachtengordel-Zuid
33%
Binnenstad Haarlemmerbuurt
33%
Westerpark Houthavens
33%
Zeeburg Indische Buurt Oost
33%
Zeeburg Indische Buurt West
33%
Binnenstad Oostelijke Eilanden en Kadijken
33%
Oud-Zuid Stadionbuurt
33%
Noord Tuindorp Buiksloot
33%
Oud-West Vondelbuurt
33%
Westerpoort Westelijk Havengebied
33%
Oost en Watergraafsmeer Betondorp
30%
Noord Kadoelen
30%
Oud-Zuid Schinkelbuurt
30%
Westerpark Spaarndammer- en Zeeheldenbuurt
30%
Oost en Watergraafsmeer Weesperzijde
30%
Noord Banne Buiksloot
27%
Noord Buikslotermeer
27%
Westerpark Centrale Markt
27%
Oud-West Da Costabuurt
27%
Oost en Watergraafsmeer Dapperbuurt
27%
Oost en Watergraafsmeer De Omval
27%
Oost en Watergraafsmeer Frankendael
27%
Zuidoost Holendrecht en Reigersbos
27%
Oud-Zuid Hoofddorppleinbuurt
27%
Noord IJplein en Vogelbuurt
27%
Oost en Watergraafsmeer Oosterparkbuurt
27%
Slotervaart en Overtoomse Veld Overtoomse Veld
27%
Westerpark Staatsliedenbuurt
27%
Zeeburg Zeeburgereiland en Nieuwe Diep
27%
Binnenstad De Weteringschans
23%
Zuidoost Driemond
23%
Westerpark Frederik Hendrikbuurt
23%
Oud-West Kinkerbuurt
23%
Bos en Lommer Landlust
23%
Osdorp Middelveldsche Akerpolder en Sloten
23%
Noord Nieuwendam-Noord
23%
Oud-West Overtoomse Sluis
23%
Oost en Watergraafsmeer Transvaalbuurt
23%
Bos en Lommer Erasmuspark
20%
Oost en Watergraafsmeer Middenmeer
20%
Noord Oostzanerwerf
20%
Zuideramstel Rijnbuurt
20%
Zuideramstel Scheldebuurt
20%
Oud-West Van Lennepbuurt
20%
Oud-Zuid Willemspark
20%
Oud-Zuid Diamantbuurt
17%
Oud-Zuid Duivelseiland
17%
Oud-West Helmersbuurt
17%
De Baarsjes Hoofdweg en omgeving
17%
Slotervaart en Overtoomse Veld Westlandgracht
17%
Noord Buiksloterham
13%
Zuideramstel IJselbuurt
13%
Osdorp Lutkemeer en Ookmeer
13%
Noord Nieuwendammerdijk en Buiksloterdijk
13%
Slotervaart en Overtoomse Veld Sloten- en Riekerpolder
13%
Noord Volewijck
13%
De Baarsjes Westindische Buurt
13%
Osdorp De Punt
10%
Geuzenveld en Slotermeer Eendracht
10%
De Baarsjes Van Galenbuurt
10%
Weesp Aetsveld
7%
De Baarsjes De Krommert
7%
Zuidoost Nellestein
7%
Noord Nieuwendammerham
7%
Weesp Plan Noord
7%
Weesp Plan Zuid
7%
Geuzenveld en Slotermeer Spieringhorn
7%
Zuideramstel Station-Zuid WTC en omgeving
7%
Weesp Verspreide huizen Aetsveldsepolder
7%
Weesp Bloemendalerpolder
3%
Weesp Hogewey
3%
Weesp Verspreide huizen oostelijke Vechtoever
3%
Geen overeenkomende quizzen gevonden
Scoreverdeling
Procent van Mensen met Elke Score
Percentiel versus Aantal Correcte Antwoorden
Uw Scoregeschiedenis
U heeft deze quiz nog niet genomen